Normal view
MARC view
- Schaer, David G
Entry Personal Name
001 - CONTROL NUMBER
- control field: 112986
003 - CONTROL NUMBER IDENTIFIER
- control field: NUST
005 - DATE AND TIME OF LATEST TRANSACTION
- control field: 20230605141509.0
008 - FIXED-LENGTH DATA ELEMENTS
- fixed length control field: 230605|| aca||aabn | a|a d
040 ## - CATALOGING SOURCE
- Original cataloging agency: NUST
- Transcribing agency: NUST
100 ## - HEADING--PERSONAL NAME
- Personal name: Schaer, David G
670 ## - SOURCE DATA FOUND
- Source citation: Work cat.: (NUST)175229: Schaer, David G, Sam's teach yourself MCSE Windows NT server 4.0 in 14 days /, c1998.
